| 000 | 00631nam a2200217 i 4500 | ||
|---|---|---|---|
| 001 | 141187 | ||
| 003 | ES-MaACL | ||
| 007 | t| | ||
| 008 | 070920s1984 sp ||||1| spa d | ||
| 020 | _a84-505-0409-0 | ||
| 080 | _a860-32"19" | ||
| 100 | 1 |
_aVillar, Agustín. _9115063 |
|
| 245 | 1 | 0 |
_aGalería en cuarentena / _cAgustín Villar. |
| 250 | _a[1ª ed.]. | ||
| 260 |
_a[Mérida (Badajoz)] : _bEditora Regional de Extremadura, _c[1984] |
||
| 300 |
_a110 p. ; _c21 cm. |
||
| 490 | 1 |
_aColección Narrativa ; _v1 |
|
| 830 | 0 |
_aColección Narrativa ; _v1 _9180828 |
|
| 852 |
_aES-MaACL _jL-8232 _bR.108735 |
||
| 999 |
_c141187 _d141187 |
||